000 00298nam a22001337a 4500
008 170607b xxu||||| |||| 00| 0 eng d
020 _a9780495812494
041 _aeng
080 _29TH
_a94(7/8)
100 _a18
101 _aSHH
245 _aAMERICAN CORRECTIONS
_cCLEAR,T.R
942 _2udc
_cBK
999 _c16314
_d16314